Extremely Hard General Knowledge #19 - Statistics

General Stats
  • This quiz has been taken 939 times
    263 since last reset
  • The average score is 5 of 20
Answer Stats
Hint Answer % Correct
In the 1500's, who discovered that the Earth rotates around the sun? Nicolaus Copernicus
63%
How many years are in a lustrum? 5
48%
How many cantons is Switzerland split into? 26
46%
What is the largest city along the Amazon River? Manaus
43%
Which Norwegian playwright's work include 'A Doll's House', 'Pillars of Society' and 'The Wild Duck'? Henrik Ibsen
38%
The smallest measurable distance is named after which German physicist? Max Planck
37%
Who is the namesake of Warsaw Airport in Poland? Frédéric Chopin
23%
In the Bible, King David had the husband of which woman killed once he became infatuated with her? Bathsheba
22%
In which year was the Domesday Book completed? 1086
20%
What was the name of the man who attempted to assassinate Ronald Reagan in March 1981? John Hinckley Jr.
20%
Who starred as Arthur Dent in the 2005 film adaptation of 'The Hitchhiker's Guide to the Galaxy'? Martin Freeman
18%
What is the two-letter country code for Algeria? DZ
17%
Which Celtic band was Enya a member of before going solo? Clannad
15%
Who had 3 Solo UK Number Ones with 'Too Many Broken Hearts', 'Sealed with a Kiss' and 'Any Dream Will Do'? Jason Donovan
14%
What do the C and S stand for in the author's name C.S Lewis? Clive Staples
12%
Which Steven Spielberg film was nominated for 11 Academy Awards at the 1986 Oscars but didn't win any? The Color Purple (1985)
12%
Which stem vegetable translated from German means cabbage turnip? Kohlrabi
12%
What is the name of the longest river in New Zealand? {Waikato} River
10%
Who was the wife of George V until his death in 1936? Mary of Teck
7%
Who played Richard Bellamy in the ITV Drama 'Upstairs Downstairs'? David Langton
1%
No matching quizzes found
Score Distribution
Percent of People with Each Score
Percentile by Number Answered
Your Score History
You have not taken this quiz since the last reset